01115nam a22001577a 4500008004100000020001500041050001400056100002300070245015600093250001200249260003400261300002300295505057100318650003800889700003000927120823t xxu||||| |||| 00| 0 eng d a0072494042 aRC454.H11 aHalgin, Richard P. aStudent study guide to accompany abnormal psychology: clinical perspectives on psychological disorders /cRichard P. Halgin and Susan Krauss Whitbourne a4th ed. aBoston:bMcGraw Hill,cc2003. avi, 242 p.:c27cm. aContents: Understanding abnormality: a look at history and research methods -- Classification and treatment plans -- Assessment -- Theoretical perspectives -- Anxiety disorders -- Somatoform disorders, psychological factors affecting medical conditions, and dissociative disorders -- Sexual disorders -- Mood disorders -- Schizophrenia and related disorders -- Personality disorders -- Development-related disorders -- Aging-related and cognitive disorders -- Substance-related disorders -- Eating disorders and impulse-control disorders -- Ethical and legal issues. bStudy guide - Abnormal psychology aWhitebourne, Susan Krauss